000 00478nam a2200169Ia 4500
008 180921t2017 xxu||||| |||| 00| 0 sin d
041 _asin
080 _aX954.3 DA
_bAPA
100 _aDayapala, D.M
245 _aඌව වෙල්ලස්ස විමුක්ති සටන
246 _aUva Wellassa Vimukthi Satana
260 _bAuthor Pulication
_aBandarawela
_c2017
300 _b350p, 21cm
942 _cBK
999 _c448
_d448
003 LK-CoDNM
040 _aLK-CoDNM
_dLK-CoDNM
_eLK-CoDNM